Подробности
| 000 -МАРКЕР |
| контрольное поле |
03275nam0a22004211 4500 |
| 001 - ИДЕНТИФИКАТОР ЗАПИСИ |
| контрольное поле |
rc\79344 |
| 005 - ИДЕНТИФИКАТОР ВЕРСИИ |
| контрольное поле |
20260406123117.0 |
| 010 ## - МЕЖДУНАРОДНЫЙ СТАНДАРТНЫЙ НОМЕР КНИГИ (ISBN) |
| Номер (ISBN) |
5-88769-001-1 |
| Уточнения |
Всемир. лит. |
| Тираж |
5000 |
| 035 ## - ДРУГИЕ СИСТЕМНЫЕ НОМЕРА |
| Идентификатор записи |
(NLR Aleph) 005349452 |
| 100 ## - ДАННЫЕ ОБЩЕЙ ОБРАБОТКИ |
| Данные общей обработки |
20021216d1995 |||y0rusy50 ca |
| 101 0# - ЯЗЫК РЕСУРСА |
| Язык текста, звукозаписи и т.д. |
русский |
| 102 ## - СТРАНА ПУБЛИКАЦИИ ИЛИ ПРОИЗВОДСТВА |
| Страна публикации |
Российская Федерация |
| 105 ## - ПОЛЕ КОДИРОВАННЫХ ДАННЫХ: ТЕКСТОВЫЕ МАТЕРИАЛЫ, МОНОГРАФИЧЕСКИЕ |
| Кодированные данные о монографическом текстовом документе |
a ||||||||| |
| 200 1# - ЗАГЛАВИЕ И СВЕДЕНИЯ ОБ ОТВЕТСТВЕННОСТИ |
| Основное заглавие |
Сказки для умных |
| Первые сведения об ответственности |
Вадим Шефнер |
| 210 ## - ПУБЛИКАЦИЯ, РАСПРОСТРАНЕНИЕ И ДР. |
| Место издания, распространения и т.д. |
СПб. |
| Имя издателя, распространителя и т. д. |
Худож. лит. Санкт-Петербург. отд-ние |
| -- |
Всемир. лит. |
| Дата издания, распространения и т.д. |
1995 |
| 215 ## - ФИЗИЧЕСКАЯ ХАРАКТЕРИСТИКА |
| Специфическое обозначение материала и объем |
588, [2] с. |
| Другие сведения о физической характеристике |
портр. |
| Размеры |
21 |
| 327 1# - ПРИМЕЧАНИЯ О СОДЕРЖАНИИ |
| Текст примечания |
Содерж.: Скромный гений; Девушка у обрыва, или Записки Ковригина; Человек с пятью "не" или Исповедь простодушного; Запоздалый стрелок, или Крылья провинциала; Дворец на троих, или Признания холостяка; Круглая тайна; Курфюрст Курляндии; Фиалка Молчаливая; Когда я был русалкой; Дядя с большой буквы, или Великая Пауза; Записки зубовладельца; Отметатель невзгод, или Сампо ХХ века; Рай на взрывчатке |
| 464 #0 - АНАЛИТИЧЕСКИЙ УРОВЕНЬ |
| Встроенное поле |
2001#$aСкромный гений |
| Заглавие |
Скромный гений |
| 464 #0 - АНАЛИТИЧЕСКИЙ УРОВЕНЬ |
| Встроенное поле |
2001#$aДевушка у обрыва, или Записки Ковригина |
| Заглавие |
Девушка у обрыва, или Записки Ковригина |
| 464 #0 - АНАЛИТИЧЕСКИЙ УРОВЕНЬ |
| Встроенное поле |
2001#$aЧеловек с пятью "не" или Исповедь простодушного |
| Заглавие |
Человек с пятью "не" или Исповедь простодушного |
| 464 #0 - АНАЛИТИЧЕСКИЙ УРОВЕНЬ |
| Встроенное поле |
2001#$aЗапоздалый стрелок, или Крылья провинциала |
| Заглавие |
Запоздалый стрелок, или Крылья провинциала |
| 464 #0 - АНАЛИТИЧЕСКИЙ УРОВЕНЬ |
| Встроенное поле |
2001#$aДворец на троих, или Признания холостяка |
| Заглавие |
Дворец на троих, или Признания холостяка |
| 464 #0 - АНАЛИТИЧЕСКИЙ УРОВЕНЬ |
| Встроенное поле |
2001#$aКруглая тайна |
| Заглавие |
Круглая тайна |
| 464 #0 - АНАЛИТИЧЕСКИЙ УРОВЕНЬ |
| Встроенное поле |
2001#$aКурфюрст Курляндии |
| Заглавие |
Курфюрст Курляндии |
| 464 #0 - АНАЛИТИЧЕСКИЙ УРОВЕНЬ |
| Встроенное поле |
2001#$aФиалка Молчаливая |
| Заглавие |
Фиалка Молчаливая |
| 464 #0 - АНАЛИТИЧЕСКИЙ УРОВЕНЬ |
| Встроенное поле |
2001#$aКогда я был русалкой |
| Заглавие |
Когда я был русалкой |
| 464 #0 - АНАЛИТИЧЕСКИЙ УРОВЕНЬ |
| Встроенное поле |
2001#$aДядя с большой буквы, или Великая Пауза |
| Заглавие |
Дядя с большой буквы, или Великая Пауза |
| 464 #0 - АНАЛИТИЧЕСКИЙ УРОВЕНЬ |
| Встроенное поле |
2001#$aЗаписки зубовладельца |
| Заглавие |
Записки зубовладельца |
| 464 #0 - АНАЛИТИЧЕСКИЙ УРОВЕНЬ |
| Встроенное поле |
2001#$aОтметатель невзгод, или Сампо ХХ века |
| Заглавие |
Отметатель невзгод, или Сампо ХХ века |
| 464 #0 - АНАЛИТИЧЕСКИЙ УРОВЕНЬ |
| Встроенное поле |
2001#$aРай на взрывчатке |
| Заглавие |
Рай на взрывчатке |
| 700 #1 - ИМЯ ЛИЦА - ПЕРВИЧНАЯ ОТВЕТСТВЕННОСТЬ |
| Материалы, к которым относится поле |
rus |
| Графика поля |
Кириллица |
| Начальный элемент ввода |
Шефнер |
| Часть имени, кроме начального элемента ввода |
В.С. |
| Даты |
1915-2002 |
| Расширение инициалов личного имени |
Вадим Сергеевич |
| Идентификатор авторитетной/нормативной записи |
RU\NLR\AUTH\77822 |
| Системный номер авторитетной/нормативной записи |
110862 |
| 801 #0 - ИСТОЧНИК ЗАПИСИ |
| Страна |
Российская Федерация |
| Организация |
NLR |
| Правила каталогизации |
psbo |
| 801 #1 - ИСТОЧНИК ЗАПИСИ |
| Страна |
Российская Федерация |
| Организация |
ELAR |
| Источник данных |
rusmarc |
| 852 ## - МЕСТОНАХОЖДЕНИЕ И ШИФР ХРАНЕНИЯ |
| Идентификатор организации |
NLR |
| Шифр хранения (Call Number) |
96-3/5392 |
| 942 ## - ДОПОЛНИТЕЛЬНЫЕ ЭЛЕМЕНТЫ ЗАПИСИ (АБИС) |
| Тип экземпляра АБИС |
Книга |
| 980 ## - КОЛЛЕКЦИЯ |
| Название коллекции |
Национальная библиография |